00365nam a22001217a 450000500170000000800410001704100080005808200080006610000580007424500740013226000290020630000080023520240808164636.0240808b |||||||| |||| 00| 0 eng d aeng bAKO aAkolkar Kasturi-2K211003 & Dr. Sonali Parchure-Guide  aA Study of Digital Process Transformation at Kotak Mahindra Bank Ltd. aPune bSPPU cMarch-2023 a53p